000 00654nam a2200229Ia 4500
008 160319s9999 xx 000 0 und d
245 _aIn the name of God /
245 _cproduced by 3BM for Discovery ; written & directed by Daniel Korn.
260 _aPhilippines :
260 _bMagnavision.
260 _c2004
300 _a1 videodisc (50 min.) :
300 _bsound color :
300 _c4 3/4 in.
440 _aAge of terror.
650 _aDocumentary films.
650 _aJihad.
650 _aTerrorism --
650 _aTerrorism.
650 _xReligious aspects.
700 _aDiscovery Channel Video (Firm), Corporate Author.
999 _c292644
_d292644